[Event "Altensteig"]
[Site "Altensteig"]
[Date "1995.??.??"]
[Round "8"]
[White "Hickl, Joerg"]
[Black "Zueger, Beat"]
[Result "1-0"]
[WhiteElo "2570"]
[BlackElo "2470"]
[Annotator "Horn,Pe"]
[PlyCount "81"]
[EventDate "1995.08.??"]
[EventType "tourn"]
[EventRounds "11"]
[EventCountry "GER"]
[EventCategory "12"]
[SourceTitle "CBM 049"]
[Source "ChessBase"]
[SourceDate "1995.12.01"]
[SourceVersion "1"]
[SourceVersionDate "1995.12.01"]
[SourceQuality "1"]

1. g3 g6 2. Bg2 Bg7 3. d3 c5 4. f4 d5 5. Nf3 Nf6 6. O-O O-O 7. Qe1 d4 8. c3 Nc6
9. Na3 Rb8 (9... dxc3 10. bxc3 Nd5 11. Bd2 Bg4 12. Rb1 Rb8 13. Nc4 Bxf3 14.
Bxf3 e6 15. a4 b6 16. Rb3 Qd7 17. Qb1 Rfd8 18. Qc2 e5 19. f5 gxf5 20. Bxd5 Qxd5
21. Rxf5 Ne7 22. Rf2 f5 23. Bg5 Qe6 24. Bxe7 $16 {Klauser,M-Bianco,V/Zurich op/
1988}) (9... Nd5 10. Bd2 Bg4 (10... f6 11. Nc2 Bg4 12. c4 Nc7 13. b4 cxb4 14.
Nxb4 Nxb4 15. Bxb4 Re8 16. h3 Bxf3 17. Bxf3 Rb8 18. Rb1 $16 {Bartolomaeus,
Ch-Kuehn,C/GER-ch U17/1992}) (10... e5 11. Nxe5 Nxe5 12. fxe5 Bxe5 13. Nc2 Be6
(13... Bg7 14. c4 Nc7 15. b4 cxb4 16. Nxb4 Rb8 17. Rb1 Be6 18. Qc1 Be5 19. Qa3
a6 20. Bf4 Bxf4 21. Rxf4 g5 22. Rf2 Qd6 23. Qc1 Qe5 24. a4 $14 {Budnikov,
A-Sorokin,M/Voronesh/1988/1-0 (40)}) 14. c4 Ne7 15. b4 cxb4 16. Rb1 a5 17. a3
Rc8 18. axb4 b5 19. bxa5 bxc4 20. dxc4 Rxc4 21. Nb4 Nd5 22. a6 Qd7 23. Qf2 Ra8
24. Nd3 $16 {Beim,V-Lima,D/Novi Sad olm (01)/1990/1-0 (31)}) 11. Nc2 Qd7 12. c4
Nb6 13. Ng5 Bf5 14. Rc1 Rfe8 15. b4 Na4 16. Qf2 Rad8 17. a3 h6 18. Ne4 Bxe4 19.
Bxe4 f5 20. Bf3 e5 21. Qg2 e4 22. dxe4 d3 23. exd3 Qxd3 24. e5 $13 {Beim,
V-Peek,M/Groningen op (2)/1991}) (9... Be6 10. h3 Nd5 11. Bd2 Rb8 12. Ng5 Bc8
13. Rc1 b6 14. g4 e6 15. Nc4 h6 16. Nf3 Bb7 17. Nfe5 Nde7 $13 {Beckman,T-Byrne,
R/New York op/1994}) 10. Bd2 (10. Nc2 b5 11. Bd2 Bb7 12. h3 Nd5 13. Rc1 dxc3
14. bxc3 b4 15. cxb4 cxb4 16. d4 Qb6 17. e4 Nxd4 18. Ncxd4 Bxd4+ 19. Nxd4 Qxd4+
20. Rf2 Nf6 21. Bxb4 Nxe4 22. Bxe4 Bxe4 23. Bxe7 Rfe8 24. Bc5 $15 {Pyhala,
A-Novikov,I/Odessa Kotov-mem/1989/0-1 (52)}) 10... b5 11. Kh1 a6 12. Rc1 Bb7
13. Nc2 Qd7 14. h3 (14. cxd4 cxd4 15. Bb4 Nxb4 16. Qxb4 Nd5 $15) 14... e5 $5
15. cxd4 (15. fxe5 Nxe5 16. Nxe5 $2 Qxh3+ 17. Kg1 Qxg2#) 15... exd4 (15... cxd4
16. fxe5 Nxe5 17. Ncxd4 $16) 16. Na1 $5 {[%csl Rc5,Re2][%cal Ya1b3]} c4 {
leading to enormous complications.} (16... Qd6 {was less exciting but
completely playable.} 17. Nb3 Nd7 18. Qf2 Rfe8 19. Rc2 Ne7 20. e3 $140 (20. g4
Nd5) 20... dxe3 21. Bxe3 Nf5 $132) 17. dxc4 bxc4 18. Rxc4 Qe6 19. Qc1 (19. b3
$2 Rfe8 20. Ng1 Nd5 $44) 19... Ne4 (19... Ne7 $5 $44) 20. Be1 Rfc8 21. Nb3 Ne7
(21... Nc3 $2 22. Rxc6 Qxc6 23. bxc3 dxc3 24. Na5 $16) 22. Rxc8+ Rxc8 23. Qb1
Nf5 24. Kh2 Bd5 25. Rg1 h5 26. Qd3 (26. Ne5 $2 Bxb3 27. axb3 Nexg3 $6 $132)
26... Bxb3 27. axb3 Nc5 28. Qc4 $2 (28. Ng5 {/\ Qf3} Qxb3 $2 29. Qxb3 Nxb3 30.
Bd5 $16) 28... Qe8 $2 (28... Nxb3 29. Qxe6 fxe6 30. Ng5 Rc2 $17) 29. b4 (29.
Ne5 $6 Bxe5 30. fxe5 Qxe5 31. b4 Nd6 $1) 29... Ne6 $2 (29... Ne3 30. Qa2 $16)
30. Qxa6 h4 31. Nxh4 $2 (31. g4 $1 Ne3 32. f5 gxf5 33. gxf5 Nxf5 34. Nxh4 $18)
31... Nxh4 32. gxh4 Nxf4 33. Bg3 $6 (33. Bf3 Rc2 34. Bg3 Qe3 $44) 33... Nxe2
34. Re1 Rc2 35. Bd6 (35. Bf2 $142 Bf8 $17) 35... Be5+ (35... Qe6 $1) 36. Kh1
Ng3+ $4 (36... Qe6 37. Qa8+ Kh7 38. Bxe5 Qxe5 39. Qf3 Kg7 $17) 37. Kg1 f6 $4 (
37... Ne2+ 38. Rxe2 Rxe2 39. Qxe2 Bh2+ 40. Kf1 Qxe2+ 41. Kxe2 Bxd6 42. b5 Bc5
43. Kd3 $16 {might even be winning.}) 38. Bxe5 (38. Bd5+ $1 Kh8 39. Bxe5 fxe5
40. Qd3 $18) 38... fxe5 39. Qd3 Rxg2+ 40. Kxg2 Qc6+ 41. Kxg3 1-0

[Event "Groningen op"]
[Site "Groningen"]
[Date "1990.??.??"]
[Round "7"]
[White "Beim, Valery"]
[Black "Tukmakov, Vladimir B"]
[Result "1/2-1/2"]
[WhiteElo "2480"]
[BlackElo "2520"]
[Annotator "Horn,Pe"]
[PlyCount "38"]
[EventDate "1990.??.??"]
[EventType "swiss"]
[EventRounds "9"]
[EventCountry "NED"]
[SourceTitle "CBM 022"]
[Source "ChessBase"]
[SourceDate "1991.06.01"]
[SourceVersion "1"]
[SourceVersionDate "1991.06.01"]
[SourceQuality "1"]

1. g3 d5 2. f4 g6 3. Nf3 Bg7 4. Bg2 c6 5. O-O Qb6+ 6. d4 $5 Nh6 7. c3 O-O 8.
Qb3 Nf5 9. Ne5 Nd6 10. Nd2 f6 11. Nd3 Bf5 12. Nf2 $1 $14 {/\ e4} (12. e4 $5
Nxe4 13. Nxe4 Bxe4 14. Bxe4 Qxb3 15. axb3 dxe4 16. Nc5 $14) 12... Nd7 13. e4
Be6 14. Re1 (14. e5 Nf5 15. Nf3 $14) 14... Rfe8 15. exd5 Qxb3 16. axb3 Bxd5 17.
Bh3 Nf5 18. c4 Bf7 19. Nf3 a6 1/2-1/2

[Event "HUN-ch"]
[Site "Budapest"]
[Date "1995.??.??"]
[Round "5"]
[White "Adorjan, Andras"]
[Black "Varga, Zoltan"]
[Result "0-1"]
[WhiteElo "2530"]
[BlackElo "2460"]
[Annotator "Horn,Pe"]
[PlyCount "84"]
[EventDate "1995.01.??"]
[EventType "tourn"]
[EventRounds "11"]
[EventCountry "HUN"]
[EventCategory "10"]
[SourceTitle "CBM 046"]
[Source "ChessBase"]
[SourceDate "1995.06.01"]
[SourceVersion "1"]
[SourceVersionDate "1995.06.01"]
[SourceQuality "1"]

1. g3 d5 2. f4 c6 3. Nf3 g6 4. Bg2 Qb6 5. Nc3 Bg7 6. e4 dxe4 7. Nxe4 Nf6 8.
Nxf6+ (8. Nf2) 8... Bxf6 9. a4 (9. d4 $10) 9... O-O 10. a5 Qb5 11. Ra3 (11. Qe2
$5) 11... Na6 12. Kf2 Nb4 {/\ Qc5} 13. d4 Qc4 14. Rc3 (14. c3 Nd3+ $15) 14...
Qd5 15. Rc5 Qd8 16. Rc4 (16. c3 Na6 $17) 16... Nd5 (16... Qxa5 $4 17. Bd2 $18)
17. Ra4 Bg4 18. c3 b5 19. axb6 axb6 20. h3 Bxf3 21. Bxf3 b5 22. Rxa8 Qxa8 $15
23. h4 $2 {Instead of dreaming of an attack he should think about the defense.}
(23. Qb3) 23... Qa2 {/\ Nxc3} 24. Qd3 (24. Qe2 b4 $40) 24... Rd8 {/\ Nxc3} 25.
Kg2 (25. Qe2 b4) 25... b4 26. Kh3 (26. cxb4 Nxb4 {/\ ><d4}) 26... c5 27. f5 (
27. c4 Nb6 $19 {><c4,d4}) 27... bxc3 28. bxc3 Qb3 29. Bd2 cxd4 30. Rb1 Qa3 31.
Bxd5 Rxd5 32. Rb8+ (32. Bh6 Rd8 33. Rd1 gxf5 $19) 32... Kg7 33. h5 g5 34. h6+
Kxh6 35. Rg8 Qa1 36. Qf3 (36. Qe4 Qf1+ (36... Rxf5 $4 37. Qh4#) 37. Kg4 Qd1+
38. Kh3 Qh5+ 39. Qh4 (39. Kg2 Re5 $19) 39... dxc3 40. Bxg5+ Bxg5 41. Rxg5 Qxh4+
42. gxh4 c2 $19) 36... Rxf5 37. Qe4 (37. Qxf5 Qh1+ 38. Kg4 Qh5#) 37... Qf1+ 38.
Kg4 e6 39. cxd4 Qd1+ 40. Kh3 Qf1+ (40... Qxd2 $19) 41. Kg4 Qd1+ 42. Kh3 Qxd2
0-1

[Event "Jakarta zt"]
[Site "Jakarta"]
[Date "1993.??.??"]
[Round "4"]
[White "Tu, Hoang Thong"]
[Black "Hsu, Li Yang"]
[Result "1-0"]
[WhiteElo "2435"]
[BlackElo "2370"]
[Annotator "Horn,Pe"]
[PlyCount "63"]
[EventDate "1993.01.??"]
[EventType "swiss"]
[EventRounds "11"]
[EventCountry "INA"]
[SourceTitle "CBM 035"]
[Source "ChessBase"]
[SourceDate "1993.08.01"]
[SourceVersion "1"]
[SourceVersionDate "1993.08.01"]
[SourceQuality "1"]

1. f4 d5 2. Nf3 Nf6 3. g3 g6 4. Bg2 Bg7 5. O-O O-O 6. d3 c5 7. Nc3 Nc6 8. e4
dxe4 $142 $6 (8... e6) 9. dxe4 e5 $2 (9... Qxd1 10. Rxd1 e5 11. Nxe5 (11. Nd5
$5) 11... Nxe5 12. fxe5 Ng4 13. Bg5 Be6 {/\ Nxe5} (13... Bxe5 $2 14. Be7 Bd4+
15. Rxd4 cxd4 16. Nd5 Re8 17. h3 $18)) 10. Qxd8 $1 Rxd8 11. Nxe5 Nxe5 12. fxe5
Ng4 13. Bg5 $1 Re8 (13... Rd7 14. Bh3 h5 15. Bxg4 hxg4 16. Bf6 $18) 14. h3 h6 (
14... Nxe5 15. Nd5 Rb8 16. Nc7 Rf8 17. Be7 $18) 15. Bf6 Nxe5 16. Nd5 Rb8 17.
Nc7 Rf8 18. Be7 $18 Bd7 19. Bxf8 Kxf8 20. Rad1 Rc8 21. Nd5 Be6 22. b3 Ke8 23.
Rf2 Nc6 24. c3 Ne5 25. Bf1 a6 26. Kg2 Rc6 27. Rfd2 h5 28. Nf4 Bd7 29. Bc4 Rc7
30. Bd5 Ke7 31. Rf2 b5 32. Bxf7 $1 1-0

[Event "Budapest FS03 GM"]
[Site "Budapest"]
[Date "1993.??.??"]
[Round "10"]
[White "Sale, Srdjan"]
[Black "Wells, Peter K"]
[Result "0-1"]
[WhiteElo "2350"]
[BlackElo "2485"]
[Annotator "Horn,Pe"]
[PlyCount "54"]
[EventDate "1993.03.??"]
[EventType "tourn"]
[EventRounds "11"]
[EventCountry "HUN"]
[EventCategory "8"]
[SourceTitle "CBM 037"]
[Source "ChessBase"]
[SourceDate "1993.12.01"]
[SourceVersion "1"]
[SourceVersionDate "1993.12.01"]
[SourceQuality "1"]

1. b3 d5 2. Bb2 Nf6 3. e3 g6 4. f4 Bg7 5. Nf3 O-O 6. Be2 c5 7. O-O Nc6 8. Qe1 (
8. Ne5 $5 Be6 (8... Nxe5 $6 9. fxe5 Nd7 (9... Ne8 {/\ Nc7}) 10. d4 Nb8 (10...
b6 $2 11. Bf3 Bb7 12. c4 e6 13. Nc3 $16) (10... e6 11. Bf3 Rb8 $14) (10... a6
$6 11. a4 b6 $2 12. Bf3 e6 13. c4 $16 {Knebel-Stöckigt/corr/1990}) 11. Bf3 Nc6
12. Nc3 e6 13. Na4 $1 $14 cxd4 14. exd4 f6 15. exf6 Bxf6 16. Qd3 b6 17. Rae1
$14 {Ljubojevic-Tringov/Skopje/1972}) (8... Qc7 9. Nc3 {Pirc} (9. Nxc6 Qxc6 10.
Bf3 (10. Qe1 Bg4 11. Nc3 Bxe2 12. Nxe2 Ne8 13. Be5 f6 14. Bb2 $10 {
Pirc-Rellstab/Helsinki/1952}) (10. d3 b6 $10 11. Nd2 $2 (11. Bf3) 11... Qe6 $1
$17 {Hromadka-Foltys/Zlin/1943}) 10... Be6 $10 (10... Qe6 11. Be5 Rd8 12. Qe1
Bd7 13. d3 Bc6 14. Nd2 Rac8 15. a4 Qd7 $10 {Krszisnik-Matanovic/1953}) 11. Be5
Rfd8 12. d3 Qb6 13. Qe2 Ne8 14. Bxg7 Nxg7 $10 {Franz-Padevski/Erfurt/1955})
9... a6 (9... Nxe5 10. Nb5 Qb6 (10... Nf3+ $5 11. Bxf3) 11. Bxe5 Ne8 12. Bxg7
Kxg7 13. a4 (13. c4 Bd7 {Bücker} (13... Nd6 14. Nc3 (14. Nxd6 Qxd6 15. cxd5
Qxd5 16. Qc2 $13 {Bücker}) 14... d4 15. Na4 Qc7 16. Bf3 $14) (13... d4 14. Qc2
(14. b4 dxe3 15. bxc5 Qxc5 16. d4 $13 {Bücker}) 14... Bd7 15. exd4 Bxb5 16.
cxb5 cxd4 17. Qb2 $13)) 13... Nd6 14. a5 $14 {Pirc-Andric/YU-ch/1953}) 10. d4 (
10. Nxc6 Qxc6 11. Bf3 Be6 12. Ne2 Qd7 (12... Rfd8 13. c4 $5 (13. Qe1 $2 Rac8
14. d3 b5 $15 {Petrovic-Ungureanu/Albena/1977})) 13. Qe1 Rad8 14. d3 Bg4 $1 $14
(14... Bf5 $2 15. h3 c4 $2 16. Rd1 Qc7 17. Bd4 $16 {Pirc-Golombek/Bognor Regis/
1956})) (10. Na4) 10... e6 (10... Bf5 11. g4 Be4 12. g5 $13) 11. Bf3 b5 12. g4
(12. Ne2 $5 {/\ c4}) 12... Bb7 13. g5 Nxe5 14. fxe5 Nd7 15. Qd2 Rac8 (15... b4
$1 {Bücker}) 16. Rf2 b4 17. Nd1 a5 18. Rc1 Qb6 19. c3 c4 $2 {Bücker-Suetin/
Dortmund/1990} (19... Rc6 20. c4 $13) 20. bxc4 $16) (8... d4 $2 9. Nxc6 bxc6
10. Na3 $16) (8... Bd7 9. Bf3 (9. d3 d4 (9... Ne8 10. Nxc6 Bxc6 11. Bxg7 Kxg7
$10 {David-Botvinnik/Leningrad/1938}) (9... Rc8 10. Bf3 Qc7 11. Nd2 Rfd8 12.
Qe2 b5 13. a4 a6 $14 {Szilagyi-Földi/Ungarn/1955}) 10. Nxd7 (10. Nxc6 Bxc6 11.
e4 Nxe4 12. dxe4 d3 13. Bxg7 dxe2 14. Qxe2 Kxg7 $10) 10... Nxd7 (10... Qxd7 11.
e4 $14) 11. e4 $14 {Tartakower-Pirc/London/1951}) 9... Rc8 (9... e6 10. d3 Qc7
11. Nd2 {/\ Qe2}) 10. Nc3 e6 11. d4 Qa5 (11... b6 12. Qd2 a6 13. dxc5 bxc5 14.
Nxd7 Nxd7 15. Rfd1 $14 {Evans-Paoli/Venedig/1967}) 12. Qd2 Rfd8 13. Rad1 cxd4
14. exd4 Be8 15. g4 $40 {Bücker-Feher/Eger/1989}) 9. Nxc6 bxc6 10. Be5 Qa5 11.
Bf3 Rac8 12. Nc3 Ne8 13. Bxg7 Nxg7 14. Qe1 Rfd8 15. d3 Qa3 16. Na4 $14 {
Yudasin-Tseshkovsky/Podolsk/1990}) (8. d3 $6 Ng4 9. Bxg7 Kxg7 10. Qc1 d4 11. e4
e5 $15 {Beni-Golombek/Opatija/1953}) (8. c4 b6 (8... d4 $5) 9. Nc3 Bb7 10. d4
cxd4 11. exd4 Qd6 $13 {Christensen-Guimard/Buenos Aires/1939}) (8. Qc1 $6 b6 9.
Nc3 Bb7 10. Nd1 d4 11. d3 $2 Bh6 12. g3 e5 $1 $17 {Szilagyi-Bolbochan/Tel Aviv/
1966}) 8... d4 $1 (8... Bf5 9. Bd1 Rc8 (9... Qc7 10. d3 Rad8 11. Nbd2 Bg4 12.
Qh4 h5 13. h3 Bxf3 14. Rxf3 Ne8 $13 {B.Hund-Gadau/Bad Aibling/1984}) 10. Qh4 d4
11. Na3 a6 12. Nc4 e6 $10 {Katalymov-Byvshev/URS/1958}) 9. Na3 Nd5 10. Bc4 $146
(10. Rd1 $2 d3 $19 {Purdy-Spassky/Antwerpen/1955}) 10... e6 11. Ng5 b6 12. c3
Bb7 13. exd4 Nxf4 (13... cxd4 $2 14. Nxe6 fxe6 15. Qxe6+ $18) 14. Ne4 (14. Rxf4
Qxg5 $17) 14... e5 (14... Nd5 15. dxc5 $16) 15. dxe5 (15. dxc5 Nd3 16. Bxd3
Qxd3 $13) 15... Nd3 (15... Bxe5 16. d4 cxd4 17. cxd4 Bxd4+ (17... Nxd4 18. Rd1)
18. Bxd4 Qxd4+ 19. Kh1 $13) 16. Bxd3 Qxd3 17. Rf3 (17. Nf6+ $5 Bxf6 (17... Kh8
18. Qh4 (18. Rf3 $5) 18... h6 19. Nc4 $13) 18. exf6 Rfe8 19. Qh4 Qd6 (19...
Qxd2 20. Nc4 $18) 20. Nc4 Qf8 21. Rae1 $16) 17... Qd8 18. Nf6+ Bxf6 19. exf6 $2
(19. Rxf6 Re8 (19... Qd5 20. c4) 20. d4 cxd4 21. cxd4 $13) 19... Re8 20. Qh4 (
20. Qf2 Ne5 21. Re3 Nd3 $17) 20... Re2 21. Nc4 $2 (21. Qh6 Qf8 22. Qxf8+ Kxf8
23. Rd1 (23. Rf2 $2 Rxf2 24. Kxf2 Ne5 25. Kg1 Nd3 26. Rb1 Re8 {/\ Re2-+}) (23.
c4 Nb4 24. Rg3 Rxd2 $17) 23... Ne5 24. Rg3 Rd8 25. Bc1 Rd6 $44) 21... Ne5 22.
Nxe5 Qxd2 $1 $19 (22... Rxe5 23. Rf2 $16) 23. Raf1 (23. Ng4 Rxg2+ 24. Kh1 Bxf3
$19) (23. Rg3 Rxg2+ $19) 23... Rxg2+ 24. Kh1 Rg5 25. Ng4 (25. Qh6 Qg2#) 25...
Re8 26. Qg3 Bxf3+ 27. Qxf3 Rf5 (27... Rf5 28. Qg2 Rxf1+ 29. Qxf1 Re1 $19) 0-1

[Event "Walsall op"]
[Site "Walsall"]
[Date "1992.??.??"]
[Round "5"]
[White "Norwood, David"]
[Black "Chandler, Murray G"]
[Result "0-1"]
[WhiteElo "2510"]
[BlackElo "2575"]
[Annotator "Horn,Pe"]
[PlyCount "90"]
[EventDate "1992.??.??"]
[EventType "swiss"]
[EventRounds "7"]
[EventCountry "ENG"]
[SourceTitle "CBM 032"]
[Source "ChessBase"]
[SourceDate "1993.02.01"]
[SourceVersion "1"]
[SourceVersionDate "1993.02.01"]
[SourceQuality "1"]

1. g3 Nf6 2. Bg2 d5 3. f4 g6 4. Nf3 Bg7 5. O-O O-O 6. d3 Nc6 7. Nbd2 {N} (7.
Nh4) (7. c3) (7. Nc3) (7. Na3 $5) 7... Ng4 8. Nb3 d4 9. h3 Ne3 $2 (9... Nh6 $13
) 10. Bxe3 dxe3 11. d4 $16 {><e3} a5 12. c3 a4 13. Nc5 a3 14. b4 b6 15. Nb3 Ba6
16. Ne1 (16. Qc1 Bxe2 17. Re1) 16... Na7 17. Nc2 (17. Bxa8 $6 Qxa8) 17... Nb5
18. Qe1 Rc8 19. Rd1 Qd7 20. Nxe3 Nd6 21. Nc2 Qa4 22. Rf2 {/\ e4+-} f5 23. Rb1
Rfd8 24. Qc1 Nc4 25. e4 fxe4 26. Bxe4 $18 e6 27. Bd3 $6 (27. Ne3 $18) 27... c5
28. bxc5 bxc5 29. Bxc4 (29. Nxc5 $2 Rxc5 30. dxc5 Rxd3) 29... Qxc4 30. Ne3 Qd3
31. Nxc5 Rxc5 32. dxc5 Bf8 33. Qe1 $1 Qe4 (33... Bxc5 $2 34. Rd1) 34. Rb4 Qd3
35. Rd4 Rxd4 36. cxd4 Qxd4 37. Nc2 Qxc5 $4 (37... Qd5 $4 38. Nb4) (37... Qd7
$18) 38. Ne3 $4 (38. Qxe6+ Kg7 39. Qxa6 $18) 38... Qb5 39. Kh2 Bc5 40. Rd2 Qc6
41. Rc2 Bb7 42. Nc4 h5 43. Ne3 Qb5 44. Qd1 h4 (44... Bxe3 $2 45. Qd8+ Kg7 46.
Rc7+ Kh6 47. Qh8#) 45. gxh4 Qa4 {time scramble and blunder(s)} 0-1

[Event "Hoogovens"]
[Site "Wijk aan Zee"]
[Date "1990.01.??"]
[Round "4"]
[White "Gurevich, Mikhail"]
[Black "Kuijf, Marinus"]
[Result "1/2-1/2"]
[WhiteElo "2645"]
[BlackElo "2490"]
[Annotator "Horn,Pe"]
[PlyCount "101"]
[EventDate "1990.01.??"]
[EventType "tourn"]
[EventRounds "13"]
[EventCountry "NED"]
[EventCategory "13"]
[SourceTitle "CBM 017"]
[Source "ChessBase"]
[SourceDate "1990.08.01"]
[SourceVersion "1"]
[SourceVersionDate "1990.08.01"]
[SourceQuality "1"]

1. g3 d5 2. f4 Nc6 3. Nf3 Bg4 4. Bg2 Bxf3 5. Bxf3 e5 6. fxe5 Nxe5 7. Bg2 Nf6 8.
O-O c6 9. d4 Nc4 10. Qd3 Nd6 11. Nc3 {N} (11. Bg5 Be7 12. Nd2 O-O 13. c4 Nxc4
14. Nxc4 dxc4 15. Qxc4 $14 {Gerstein-Chebanenko, URS 1979}) 11... Be7 12. Bf4
O-O 13. Rae1 Qd7 14. Bxd6 Qxd6 15. e4 dxe4 16. Nxe4 Nxe4 17. Rxe4 Bf6 18. Qe3
Rac8 $1 19. c3 c5 20. dxc5 Qxc5 21. Qxc5 Rxc5 22. Rd1 Rc7 $10 23. a4 b6 24. Rd5
g6 25. Bf1 Kg7 26. Re1 Rd8 27. Rxd8 Bxd8 28. Rd1 Be7 29. Ba6 f5 30. Kg2 Kf6 31.
Kf3 Ke6 32. h3 Bd6 33. Bd3 Be5 34. Bb5 Bd6 35. Kg2 h5 36. Be8 Rg7 37. Kf3 Be5
38. Rd2 Re7 39. Bb5 g5 40. Rd8 g4+ 41. hxg4 hxg4+ 42. Kg2 f4 43. gxf4 Bxf4 44.
Be2 g3 45. Rf8 Be5 46. Bc4+ Kd6 47. Bd3 Kc7 48. Ra8 Kd6 49. Rf8 Re6 50. Rf1 Rh6
51. Rh1 1/2-1/2

[Event "Tel Aviv"]
[Site "Tel Aviv"]
[Date "1992.??.??"]
[Round "8"]
[White "Beim, Valery"]
[Black "Zilberman, Yaacov"]
[Result "1-0"]
[WhiteElo "2485"]
[BlackElo "2485"]
[Annotator "Horn,Pe"]
[PlyCount "85"]
[EventDate "1992.04.??"]
[EventType "tourn"]
[EventRounds "11"]
[EventCountry "ISR"]
[EventCategory "11"]
[SourceTitle "CBM 030"]
[Source "ChessBase"]
[SourceDate "1992.10.01"]
[SourceVersion "1"]
[SourceVersionDate "1992.10.01"]
[SourceQuality "1"]

1. d3 d5 2. f4 Nc6 (2... g6 $10) 3. Nf3 Bg4 4. Nbd2 g6 5. g3 Bg7 6. c3 Nf6 (
6... e5 $5 7. fxe5 Nxe5 8. Nxe5 Bxe5 $13) 7. Bg2 O-O 8. O-O Qd6 {/\ e5} (8...
Nd7 9. d4) 9. d4 $1 Bxf3 $2 (9... Nd7 10. e4 dxe4 11. Nxe4 $16) (9... Bf5 $10)
10. Bxf3 Rab8 (10... e6 11. e4 dxe4 12. Nxe4 Nxe4 13. Bxe4 $14) 11. a4 Rfd8 $6
(11... e6) (11... a5) 12. e4 dxe4 13. Nxe4 Nxe4 14. Bxe4 e6 15. a5 Ne7 16. Be3
Nd5 17. Bf2 c6 18. Qe2 $16 Rd7 (18... h5 $5) 19. Rfd1 Rc8 20. Bc2 Qc7 21. Rd3
Rcd8 22. Qf3 Bf8 {/\ c5} 23. b4 Rc8 24. Rdd1 Rdd8 25. Bb3 Rd7 26. Kg2 Rdd8 27.
Ra2 Rd7 28. Rda1 Rdd8 29. Be1 Rd7 30. Bd2 Qd8 31. Rf1 b6 32. axb6 axb6 33. g4
Qc7 (33... Ne7 $16) 34. f5 exf5 35. gxf5 Re8 $2 (35... b5 $16) 36. b5 $1 $18
Bg7 (36... Ne7 37. Bxf7+ Kxf7 38. fxg6+ $18) 37. fxg6 hxg6 (37... fxg6 38. bxc6
Qxc6 39. c4 Ne7 40. d5 Qc8 $16 41. Qf7+ Kh8 42. Ba4 $18) 38. Rf2 (38. bxc6 Qxc6
39. c4 Re3 (39... Ne7 40. d5 Qc8 41. Qxf7+ $18) 40. cxd5 $18) 38... Red8 39.
bxc6 Qxc6 40. c4 Ne7 41. d5 Qc5 42. Qxf7+ Kh7 43. Rf3 1-0

[Event "Haninge"]
[Site "Haninge"]
[Date "1990.??.??"]
[Round "3"]
[White "Karlsson, Lars"]
[Black "Seirawan, Yasser"]
[Result "0-1"]
[WhiteElo "2520"]
[BlackElo "2595"]
[Annotator "Horn,Pe"]
[PlyCount "92"]
[EventDate "1990.05.??"]
[EventType "tourn"]
[EventRounds "11"]
[EventCountry "SWE"]
[EventCategory "14"]
[SourceTitle "CBM 018"]
[Source "ChessBase"]
[SourceDate "1990.10.01"]
[SourceVersion "1"]
[SourceVersionDate "1990.10.01"]
[SourceQuality "1"]

1. f4 d5 2. Nf3 g6 3. g3 Bg7 4. Bg2 c5 5. O-O Nh6 6. Nc3 Nc6 7. d3 O-O 8. Bd2 (
8. e4 dxe4 9. dxe4 Qxd1 10. Nxd1 $10) 8... Nf5 9. Kh1 $6 (9. e4 dxe4 10. dxe4
Nfd4 $10) 9... d4 10. Na4 (10. Ne4 b6) 10... b6 11. g4 (11. Ne5 $6 Nxe5 12.
Bxa8 Ng4 $44) (11. c4) 11... Nd6 12. h3 (12. Ne5 $6 Nxe5 13. Bxa8 Nxg4 $44)
12... Bb7 13. e4 dxe3 14. Bxe3 Qd7 15. Nc3 f5 $1 $15 16. g5 Nf7 17. Qd2 Rae8
18. Rae1 e5 19. fxe5 Nfxe5 20. Nxe5 Rxe5 21. Bf4 Rxe1 22. Rxe1 Nd4 23. Bxb7 $2
(23. Qf2) 23... Qxb7+ 24. Qg2 Qxg2+ 25. Kxg2 Nxc2 26. Re7 Rf7 27. Re8+ Rf8 28.
Re7 Rd8 29. Rxa7 Ne1+ 30. Kf1 Nxd3 31. Bc7 Rd7 32. Na4 (32. Bxb6 Rxa7 33. Bxa7
Nxb2) 32... b5 33. Nb6 Rd4 34. Ra8+ Kf7 35. Ra7 Ke6 36. Ra6 Nb4 37. Ra5 Rd1+
38. Ke2 Rb1 39. Rxb5 Rxb2+ 40. Kf3 Bd4 41. a4 Ra2 42. Ra5 Nd3 43. Ra8 Rf2+ 44.
Kg3 Nc1 45. Re8+ Kf7 46. Rd8 Ne2+ 0-1

[Event "Bern op"]
[Site "Bern"]
[Date "1992.??.??"]
[Round "9"]
[White "Ibragimov, Ildar"]
[Black "Neckar, Lubomir"]
[Result "1-0"]
[WhiteElo "2515"]
[BlackElo "2345"]
[Annotator "Horn,Pe"]
[PlyCount "54"]
[EventDate "1992.02.??"]
[EventType "swiss"]
[EventRounds "9"]
[EventCountry "SUI"]
[SourceTitle "CBM 028"]
[Source "ChessBase"]
[SourceDate "1992.06.01"]
[SourceVersion "1"]
[SourceVersionDate "1992.06.01"]
[SourceQuality "1"]

1. b3 d5 2. Bb2 e6 3. e3 Nf6 4. f4 Be7 5. Nf3 O-O 6. Be2 c5 7. O-O Nc6 8. Ne5
Nxe5 9. fxe5 Nd7 10. c4 f6 11. exf6 Bxf6 12. Nc3 dxc4 (12... d4 13. Ne4 dxe3
14. Nxf6+ Nxf6 15. dxe3 $16) 13. bxc4 b6 14. Bf3 Rb8 15. Qc2 {/\ Be4} Be5 16.
Ne2 (16. Be4 Nf6) 16... Bxb2 17. Qxb2 Qg5 18. Nf4 Ne5 19. Be4 Ng4 (19... Nxc4
20. Qc2 (20. Bxh7+ Kxh7 21. Qc2+ Kg8 22. Qxc4)) 20. Nh3 Rxf1+ 21. Rxf1 Qh4 22.
Qa3 Qe7 $6 (22... Nxh2 $2 23. Qxa7 Nxf1 (23... Qg3 24. Qf7+ Kh8 25. Qf8#) 24.
Qxb8 Ng3 (24... Qd8 25. Kxf1) 25. Qxc8+ $18) (22... a5 $5) 23. Nf4 a5 $2 (23...
Nf6 $14) 24. Bxh7+ $1 Kxh7 25. Qd3+ Kg8 (25... Kh6 26. Qg6#) (25... Kh8 26.
Ng6+) 26. Ng6 Qd7 (26... Qe8 27. Rf8+ Qxf8 28. Nxf8 $18 Kxf8 $2 29. Qd6+) 27.
Rf8+ Kh7 (27... Kh7 28. Rh8#) 1-0

[Event "Podgorica"]
[Site "Podgorica"]
[Date "1993.??.??"]
[Round "12"]
[White "Kontic, Djordjije"]
[Black "Abramovic, Bosko"]
[Result "1-0"]
[WhiteElo "2400"]
[BlackElo "2475"]
[Annotator "Horn,Pe"]
[PlyCount "67"]
[EventDate "1993.02.??"]
[EventType "tourn"]
[EventRounds "13"]
[EventCountry "YUG"]
[EventCategory "10"]
[SourceTitle "CBM 036"]
[Source "ChessBase"]
[SourceDate "1993.10.01"]
[SourceVersion "1"]
[SourceVersionDate "1993.10.01"]
[SourceQuality "1"]

1. g3 d5 2. f4 Nf6 3. Bg2 g6 4. Nf3 Bg7 5. O-O b6 (5... O-O $10) 6. c4 $5 Bb7 (
6... d4 $4 7. Ne5 $18) 7. cxd5 Nxd5 8. Nc3 c5 (8... Nxc3 9. bxc3 O-O $10) 9.
Qa4+ Qd7 10. Qc4 e6 $2 (10... Nxc3 11. bxc3 O-O $10) 11. Ne5 $1 Bxe5 $2 (11...
Qe7 $2 12. Nxd5 Bxd5 13. Bxd5 exd5 14. Qxd5 $18) (11... Qd6 12. Ne4 Qd8 13.
Qa4+ $16) (11... Qd8 12. Qa4+ $16) 12. fxe5 Nxc3 13. dxc3 $18 Bxg2 14. Kxg2
Qd5+ {Losing a pawn, but the best chance} 15. Qxd5 exd5 16. Rd1 Na6 17. Rxd5
Nc7 18. Rd6 Ne6 (18... O-O 19. Bg5) 19. Bh6 Rd8 20. Rad1 Rxd6 21. Rxd6 Ke7 22.
h4 Rc8 (22... Rd8 23. Bg5+ Nxg5 24. Rxd8 Kxd8 25. hxg5 Ke7 26. Kf3 Ke6 27. Ke4
$18) 23. b3 f6 24. Rd5 fxe5 25. Kf3 (25. Rxe5 Kd6 26. Re3 $16) 25... b5 26. Ke4
Kf6 27. Rd6 c4 28. b4 Re8 29. Bg5+ Kf7 30. Rd7+ Kf8 31. Rxh7 Nxg5+ 32. hxg5 Re6
33. Rxa7 Rd6 34. Ke3 1-0